Poslední noc /
Julie byla vychována k nenávisti k upírům, kteří podle slov jejího otce sužují tamější kraj. Ale je tomu opravdu tak? Při Jízdě cti, rituálním honu, jenž je součástí jejího zasvěcení, se střetne s jedním z upírů. Nezabije jej, ale ani on ji. Naopak se od něj dozvídá zcela odlišnou verzi historie, ne...
Uloženo v:
| Hlavní autor: | |
|---|---|
| Médium: | E-kniha |
| Jazyk: | Czech |
| Vydáno: |
Praha :
Albatros Media a.s.,
2023
|
| Tagy: |
Žádné tagy |
| LEADER | 01497nam a22002297i 4500 | ||
|---|---|---|---|
| 001 | 311897 | ||
| 007 | ta | ||
| 008 | 260601s2023 xr ||||| |||| 00| 0 cze d | ||
| 020 | |a 9788076509788 | ||
| 044 | |a xr | ||
| 100 | 1 | |a Cole, Zara M.P. |4 aut | |
| 245 | 1 | 0 | |a Poslední noc / |c Cole, Zara M.P. |
| 264 | 1 | |a Praha : |b Albatros Media a.s., |c 2023 | |
| 300 | |a 1 online zdroj (312 stran) | ||
| 336 | |a text |b txt |2 rdacontent | ||
| 337 | |a bez média |b n |2 rdamedia | ||
| 338 | |a online zdroj |b cr |2 rdacarrier | ||
| 520 | 2 | |a Julie byla vychována k nenávisti k upírům, kteří podle slov jejího otce sužují tamější kraj. Ale je tomu opravdu tak? Při Jízdě cti, rituálním honu, jenž je součástí jejího zasvěcení, se střetne s jedním z upírů. Nezabije jej, ale ani on ji. Naopak se od něj dozvídá zcela odlišnou verzi historie, než která jí byla vštěpována, a v hlavě jí roste akorát zmatek. Nečekané události obrátí Julii život naruby a už není cesty zpět. Bude věřit otci, nebo Gabrielovi, vůdci upířího klanu? | |
| 910 | |a RBIT002 | ||
| 998 | |d 373285 |a https://core.palmknihy.cz/api/books/373285/cover?si64ye |b https://core.palmknihy.cz/api/books/373285/cover/400?si64ye |c https://core.palmknihy.cz/api/books/373285/cover/50?si64ye |e 2027-06-06 |g 312 |i 9788076509788 |j https://core.palmknihy.cz/api/books/373285/preview.epub |k https://core.palmknihy.cz/api/books/373285/preview.pdf |l |q 49 |r 1 |s https://www.palmknihy.cz/kniha/373285 |t ebook |y 2023 |z 1 | ||
| 999 | |d 311895 | ||